000 00303nam a22001337a 4500
999 _c12033
_d12033
020 _a96901014635
082 _a954.34
100 _aSyed Ghulam Mustafa shah
245 _aThe British in the Subcontinent
260 _aKarachi
_bFerozsons
_c2006
300 _a249
650 _aHistory
942 _cBK